[Event "TUR-chT Clubs"]
[Site "Konya"]
[Date "2019.07.18"]
[Round "4.25"]
[White "Aslan, Deniz Cihan"]
[Black "Gursu, Sungur"]
[Result "0-1"]
[WhiteElo "1360"]
[BlackElo "1245"]
[PlyCount "96"]
[EventDate "2019.07.16"]
[EventType "team-swiss"]
[EventRounds "9"]
[EventCountry "TUR"]
[SourceTitle "CBM 191 Extra"]
[Source "ChessBase"]
[SourceDate "2019.09.30"]
[SourceVersion "1"]
[SourceVersionDate "2019.09.30"]
[SourceQuality "1"]
[WhiteTeam "Ermenek Turkuaz Yelken"]
[BlackTeam "Harput Genclik"]
[WhiteTeamCountry "TUR"]
[BlackTeamCountry "TUR"]

1. d4 Nf6 2. Nf3 e6 3. e3 Be7 4. b3 d5 5. Bb2 Nbd7 6. Bd3 b6 7. 0-0 Bb7 8. Ne5 Nxe5 9. dxe5 Nd7 10. f4 g6 11. a3 c5 12. Nd2 Qc7 13. Qe2 h5 14. Rad1 h4 15. h3 0-0-0 16. Ba6 Kb8 17. Bxb7 Qxb7 18. c4 Rhg8 19. cxd5 exd5 20. Nf3 g5 21. fxg5 Bxg5 22. Nxg5 Rxg5 23. Rxf7 Qc6 24. Qf3 Rdg8 25. g4 Nxe5 26. Rf8+ Kb7 27. Bxe5 Rxf8 28. Qxf8 Rxe5 29. Qg7+ Qc7 30. Qxc7+ Kxc7 31. Kf2 Kc6 32. Kf3 Kd6 33. Re1 b5 34. Rg1 Re8 35. g5 Ke6 36. Kg4 Kf7 37. Kxh4 Rxe3 38. Rg3 Re4+ 39. Rg4 c4 40. g6+ Kg7 41. Rxe4 dxe4 42. Kg5 c3 43. h4 c2 44. h5 c1Q+ 45. Kf5 e3 46. h6+ Kxh6 47. Kf6 e2 48. g7 Qc3+ 0-1

[Event "TUR-chT Clubs"]
[Site "Konya"]
[Date "2019.07.17"]
[Round "3.13"]
[White "Aslan, Deniz Cihan"]
[Black "Bozdemir, Yusuf"]
[Result "0-1"]
[WhiteElo "1360"]
[BlackElo "1637"]
[PlyCount "94"]
[EventDate "2019.07.16"]
[EventType "team-swiss"]
[EventRounds "9"]
[EventCountry "TUR"]
[SourceTitle "CBM 191 Extra"]
[Source "ChessBase"]
[SourceDate "2019.09.30"]
[SourceVersion "1"]
[SourceVersionDate "2019.09.30"]
[SourceQuality "1"]
[WhiteTeam "Ermenek Turkuaz Yelken"]
[BlackTeam "Engin Gulec Genclik"]
[WhiteTeamCountry "TUR"]
[BlackTeamCountry "TUR"]

1. d4 d5 2. Nf3 Nf6 3. e3 c6 4. b3 Bf5 5. Bb2 e6 6. Bd3 Bxd3 7. Qxd3 Nbd7 8. 0-0 Ne4 9. Nbd2 f5 10. Ne5 Nxe5 11. dxe5 Be7 12. f4 0-0 13. Nxe4 dxe4 14. Qxd8 Rfxd8 15. Rad1 Kf7 16. Kf2 Rd5 17. Rxd5 cxd5 18. Bd4 Rc8 19. c3 a6 20. Ke2 b5 21. b4 Rg8 22. g3 g5 23. Rg1 h5 24. Kf1 h4 25. gxh4 g4 26. h3 Bxh4 27. hxg4 Rxg4 28. Rxg4 fxg4 29. c4 dxc4 30. Bc3 Kg6 31. Kg2 Kf5 32. a3 Bd8 33. Bd4 a5 34. Kg3 a4 35. Bc3 Bb6 36. Kf2 g3+ 37. Kxg3 Bxe3 38. Kg2 Bxf4 39. Kf2 Kg4 40. Bb2 Bd2 41. Bd4 Bc1 42. Ke2 Bxa3 43. Bc3 Bc1 44. Kf2 a3 45. Ke2 Bb2 46. Kd2 Bxc3+ 47. Kxc3 e3 0-1

[Event "TUR-chT Clubs"]
[Site "Konya"]
[Date "2019.07.16"]
[Round "1.8"]
[White "Aslan, Deniz Cihan"]
[Black "Caputcuoglu, Zeki Berke"]
[Result "0-1"]
[WhiteElo "1360"]
[BlackElo "2010"]
[PlyCount "42"]
[EventDate "2019.07.16"]
[EventType "team-swiss"]
[EventRounds "9"]
[EventCountry "TUR"]
[SourceTitle "CBM 191 Extra"]
[Source "ChessBase"]
[SourceDate "2019.09.30"]
[SourceVersion "1"]
[SourceVersionDate "2019.09.30"]
[SourceQuality "1"]
[WhiteTeam "Ermenek Turkuaz Yelken"]
[BlackTeam "Canakkale Doruk"]
[WhiteTeamCountry "TUR"]
[BlackTeamCountry "TUR"]

1. d4 Nf6 2. Bf4 g6 3. Nc3 d5 4. Qd2 Bg7 5. f3 0-0 6. 0-0-0 c5 7. dxc5 Qa5 8. a3 Qxc5 9. Be3 Qc7 10. Nxd5 Nxd5 11. Qxd5 Nc6 12. Qc5 b6 13. Qc4 Be6 14. Qb5 Rac8 15. c3 Na5 16. Qb4 Nb3+ 17. Kc2 a5 18. Qxb6 Qc4 19. Bf2 Rb8 20. e4 Qa4 21. Qxb8 Rxb8 0-1

[Event "TUR-chT2"]
[Site "Konya"]
[Date "2017.07.12"]
[Round "5.10"]
[White "Unal, Onur"]
[Black "Aslan, Deniz Cihan"]
[Result "1-0"]
[WhiteElo "1816"]
[BlackElo "1322"]
[PlyCount "107"]
[EventDate "2017.07.09"]
[EventType "team-swiss"]
[EventRounds "9"]
[EventCountry "TUR"]
[SourceTitle "CBM 179 Extra"]
[Source "ChessBase"]
[SourceDate "2017.08.23"]
[SourceVersion "1"]
[SourceVersionDate "2017.08.23"]
[SourceQuality "1"]
[WhiteTeam "Buyuk Ustalar"]
[BlackTeam "Karaman Akademi"]
[WhiteTeamCountry "TUR"]
[BlackTeamCountry "TUR"]

1. d4 Nf6 2. c4 e6 3. Nc3 d5 4. cxd5 exd5 5. Bg5 Be7 6. e3 Bf5 7. Bxf6 Bxf6 8. Qb3 Bc8 9. Qxd5 Qxd5 10. Nxd5 Bd8 11. Nf3 c6 12. Nc3 0-0 13. Be2 Bc7 14. 0-0 Nd7 15. Rac1 Bb8 16. Rfd1 Nf6 17. h3 h6 18. Na4 Be6 19. b3 Re8 20. Nc5 Re7 21. Nxe6 Rxe6 22. Ne1 Nd5 23. Bf3 Rd6 24. Nd3 Bc7 25. Nc5 Rb8 26. a3 Bb6 27. g3 Bxc5 28. dxc5 Rdd8 29. Bxd5 Rxd5 30. Rxd5 cxd5 31. Rd1 Rd8 32. e4 d4 33. Kf1 Kf8 34. Ke2 Ke7 35. Kd3 Ke6 36. Rc1 f5 37. exf5+ Kxf5 38. Rc4 Rd5 39. b4 b5 40. Rxd4 Ke5 41. f4+ Ke6 42. Rxd5 Kxd5 43. g4 g6 44. h4 h5 45. gxh5 gxh5 46. Ke3 Ke6 47. Ke4 Kf6 48. f5 Kf7 49. Ke5 Ke7 50. c6 a5 51. bxa5 Kf8 52. Ke6 Ke8 53. c7 b4 54. axb4 1-0